Modern capitalist planning : The French model
Gorde:
| Egile nagusia: | |
|---|---|
| Formatua: | Liburua |
| Hizkuntza: | Undetermined |
| Argitaratua: |
London
Weidenfeld & Nicolson
1969
|
| Gaiak: | |
| Etiketak: |
Etiketa erantsi
Etiketarik gabe, Izan zaitez lehena erregistro honi etiketa jartzen!
|
| Thư viện lưu trữ: | Trung tâm Học liệu Trường Đại học Cần Thơ |
|---|
| LEADER | 00518nam a2200193Ia 4500 | ||
|---|---|---|---|
| 001 | CTU_82194 | ||
| 008 | 210402s9999 xx 000 0 und d | ||
| 082 | |a 338.944 | ||
| 082 | |b C678 | ||
| 100 | |a Cohen, Stephen S. | ||
| 245 | 0 | |a Modern capitalist planning : | |
| 245 | 4 | |b The French model | |
| 245 | 0 | |c Stephen S. Cohen | |
| 260 | |a London | ||
| 260 | |b Weidenfeld & Nicolson | ||
| 260 | |c 1969 | ||
| 650 | |a Economic policy | ||
| 904 | |i Trọng Hải | ||
| 980 | |a Trung tâm Học liệu Trường Đại học Cần Thơ | ||